000 00706nam a2200253Ia 4500
003 OSt
005 20221005084031.0
006 a|||||r|||| 00| 0
007 ta
008 221004b |||||||| |||| 00| 0 eng d
020 _a0391029339
024 _a19810
037 _bGift, 24/06/2015,
_cTextual
040 _aCRL
_cCRL
_beng
041 _2eng
_aeng
082 _aR6,4, M4
100 _aSingh Balbir
_981520
245 0 _aHindu ethics
_b An expositton of the concept of good
260 _aNew Jersey
_bHumanities Press U.S.A
_c1984
300 _a342p.
_ccm.
650 _aPHILOSOPHY
942 _hR6,4, M4
_cTEXL
_2cc
999 _c991934
_d991934